Statistics for Roundest Countries in Africa (with Shapes)

Click here to take the quiz!

General Stats

  • This quiz has been taken 17 times
  • The average score is 15 of 15

Answer Stats

Answer% Correct
Zimbabwe
100%
Sudan
100%
Ethiopia
100%
Egypt
100%
Nigeria
100%
Gabon
100%
D. R. Congo
100%
Tanzania
100%
Algeria
100%
Kenya
100%
Ivory Coast
94%
Botswana
94%
Sierra Leone
88%
Eswatini
88%
Uganda
88%

Score Distribution

Percentile by Number Answered

Percent of People with Each Score

Your Score History

You have not taken this quiz